[Event "HUN-chT BAZ megyei CSB 2223"]
[Site "Hungary"]
[Date "2023.03.19"]
[Round "8.2"]
[White "Vanczak, Attila"]
[Black "Barabas, Tibor"]
[Result "1/2-1/2"]
[WhiteElo "2143"]
[BlackElo "1857"]
[PlyCount "70"]
[EventDate "2022.09.25"]
[EventType "team-tourn"]
[EventRounds "9"]
[EventCountry "HUN"]
[SourceTitle "EXT 2025"]
[Source "ChessBase"]
[SourceDate "2024.10.14"]
[SourceVersion "1"]
[SourceVersionDate "2024.10.14"]
[SourceQuality "1"]
[WhiteTeam "Miskolc KisBocsok"]
[BlackTeam "Szirmabesenyo II"]
[WhiteTeamCountry "HUN"]
[BlackTeamCountry "HUN"]

1. d4 Nf6 2. Nc3 d5 3. Bg5 Ne4 4. Nxe4 dxe4 5. Qd2 h6 6. Bh4 g5 7. Bg3 Bg7 8. 0-0-0 f5 9. e3 e6 10. f3 exf3 11. Nxf3 0-0 12. Bc4 c6 13. Be5 b5 14. Bb3 a5 15. a3 Qe7 16. Bxg7 Kxg7 17. Ne5 Qd6 18. h4 g4 19. e4 c5 20. c4 Nd7 21. Nxd7 Qxd7 22. Qc3 b4 23. Qg3 cxd4 24. Qe5+ Kh7 25. Rxd4 Qg7 26. Qc5 bxa3 27. exf5 axb2+ 28. Kxb2 a4 29. Bc2 exf5 30. Re1 Ra5 31. Qb6 Ra6 32. Qc5 Re6 33. Bxf5+ Rxf5 34. Qxf5+ Rg6 35. Qe5 Qb7+ 1/2-1/2

[Event "HUN-chT2 Barcza 2223"]
[Site "Hungary"]
[Date "2022.12.04"]
[Round "2.9"]
[White "Toviskes, Antal"]
[Black "Barabas, Tibor"]
[Result "1/2-1/2"]
[WhiteElo "1986"]
[BlackElo "1847"]
[PlyCount "84"]
[EventDate "2022.11.20"]
[EventType "team-tourn"]
[EventRounds "7"]
[EventCountry "HUN"]
[SourceTitle "EXT 2025"]
[Source "ChessBase"]
[SourceDate "2024.10.14"]
[SourceVersion "1"]
[SourceVersionDate "2024.10.14"]
[SourceQuality "1"]
[WhiteTeam "Hajduboszormeny"]
[BlackTeam "Szirmabesenyo"]
[WhiteTeamCountry "HUN"]
[BlackTeamCountry "HUN"]

1. e4 c5 2. Nc3 Nc6 3. g3 g6 4. Bg2 Bg7 5. d3 e6 6. f4 Nge7 7. Nf3 d5 8. e5 f6 9. 0-0 fxe5 10. fxe5 Nxe5 11. Nxe5 Bxe5 12. Qf3 Nf5 13. g4 Nd6 14. Bf4 0-0 15. Qg3 Bxf4 16. Rxf4 Rxf4 17. Qxf4 Qf8 18. Qe5 Nf7 19. Qg3 Qd6 20. Qf2 Bd7 21. Re1 Rf8 22. h3 b6 23. Qd2 a6 24. a3 Ne5 25. Qe2 Nc6 26. Rf1 Rf4 27. Qd2 Rxf1+ 28. Kxf1 Nd4 29. Ne2 Qf8+ 30. Kg1 Qf6 31. Nxd4 Qxd4+ 32. Kh2 Qxb2 33. Qg5 Kf7 34. Qd8 Qe5+ 35. Kh1 Be8 36. Qxb6 Qa1+ 37. Kh2 Qxa3 38. Qc7+ Kg8 39. Qe7 Bf7 40. d4 h6 41. dxc5 Qb4 42. Qd8+ Kg7 1/2-1/2

[Event "HUN-chT2 Barcza 2122"]
[Site "Hungary"]
[Date "2022.04.10"]
[Round "9.7"]
[White "Barabas, Tibor"]
[Black "Vass, Boglarka"]
[Result "1-0"]
[WhiteElo "1953"]
[BlackElo "1757"]
[PlyCount "56"]
[EventDate "2021.10.10"]
[EventType "team-tourn"]
[EventRounds "9"]
[EventCountry "HUN"]
[SourceTitle "EXT 2025"]
[Source "ChessBase"]
[SourceDate "2024.10.14"]
[SourceVersion "1"]
[SourceVersionDate "2024.10.14"]
[SourceQuality "1"]
[WhiteTeam "Mezokovesd"]
[BlackTeam "Debrecen Sakkiskola II"]
[WhiteTeamCountry "HUN"]
[BlackTeamCountry "HUN"]

1. g4 d5 2. Bg2 e5 3. h3 c5 4. c4 d4 5. d3 Nc6 6. Nd2 f6 7. Ne4 Be7 8. Ng3 Be6 9. Nf3 Qd7 10. a3 Bd6 11. Ne4 Nge7 12. Nxd6+ Qxd6 13. Nd2 0-0 14. Ne4 Qc7 15. Nxc5 Bf7 16. b4 b6 17. Na6 Qc8 18. b5 Be8 19. Bd2 f5 20. Nb4 Nxb4 21. Bxb4 Rf7 22. Bxe7 Rxe7 23. Bxa8 Qxa8 24. Rg1 Qc8 25. Qd2 Rf7 26. f3 Qd8 27. g5 Qd6 28. Qb4 Qh6 1-0

[Event "HUN-chT2 Barcza 2122"]
[Site "Hungary"]
[Date "2022.02.27"]
[Round "7.8"]
[White "Hercz, Richard"]
[Black "Barabas, Tibor"]
[Result "0-1"]
[WhiteElo "1923"]
[BlackElo "1964"]
[PlyCount "88"]
[EventDate "2021.10.10"]
[EventType "team-tourn"]
[EventRounds "9"]
[EventCountry "HUN"]
[SourceTitle "EXT 2025"]
[Source "ChessBase"]
[SourceDate "2024.10.14"]
[SourceVersion "1"]
[SourceVersionDate "2024.10.14"]
[SourceQuality "1"]
[WhiteTeam "Debrecen Sakkbaratok"]
[BlackTeam "Mezokovesd"]
[WhiteTeamCountry "HUN"]
[BlackTeamCountry "HUN"]

1. e4 c5 2. Nf3 e6 3. d4 cxd4 4. Nxd4 a6 5. Nc3 Qc7 6. Be3 Nf6 7. Be2 Bb4 8. Qd3 Nxe4 9. 0-0 Nxc3 10. bxc3 Bxc3 11. Rad1 0-0 12. Qe4 d5 13. Qh4 f5 14. Nf3 Bf6 15. Qa4 Nc6 16. c4 Bd7 17. cxd5 Nd4 18. Qc4 Nxe2+ 19. Qxe2 Bb5 20. Qd2 Bxf1 21. Rxf1 exd5 22. Qxd5+ Qf7 23. Qxf5 Qxa2 24. Qe4 b5 25. Bg5 Rfe8 26. Qf5 Qe6 27. Qd3 b4 28. h3 Red8 29. Qc2 b3 30. Qb1 a5 31. Re1 Qf7 32. Bxf6 gxf6 33. Nh4 Kh8 34. Nf5 Ra7 35. Qb2 a4 36. Nh6 Qg6 37. Ng4 Ra6 38. Qe2 Qd3 39. Qe7 Qd7 40. Qe2 Rd6 41. Qc4 Rd1 42. Rxd1 Qxd1+ 43. Kh2 Qd6+ 44. g3 b2 0-1

[Event "HUN-chT2 Barcza 2122"]
[Site "Hungary"]
[Date "2022.01.30"]
[Round "5.7"]
[White "Barabas, Tibor"]
[Black "Zelei, Imre"]
[Result "1/2-1/2"]
[WhiteElo "1953"]
[BlackElo "1896"]
[PlyCount "23"]
[EventDate "2021.10.10"]
[EventType "team-tourn"]
[EventRounds "9"]
[EventCountry "HUN"]
[SourceTitle "EXT 2025"]
[Source "ChessBase"]
[SourceDate "2024.10.14"]
[SourceVersion "1"]
[SourceVersionDate "2024.10.14"]
[SourceQuality "1"]
[WhiteTeam "Mezokovesd"]
[BlackTeam "Nyiregyvaza ESE"]
[WhiteTeamCountry "HUN"]
[BlackTeamCountry "HUN"]

1. e4 e5 2. Nf3 Nc6 3. Bc4 Nf6 4. Ng5 d5 5. exd5 Na5 6. Bb5+ Bd7 7. Qe2 Be7 8. Nc3 0-0 9. 0-0 c6 10. dxc6 Nxc6 11. Bxc6 Bxc6 12. Qxe5 1/2-1/2

[Event "HUN-chT2 Barcza 1819"]
[Site "Hungary"]
[Date "2019.03.10"]
[Round "9.6"]
[White "Visloczki, Jozsef"]
[Black "Barabas, Tibor"]
[Result "1-0"]
[WhiteElo "1959"]
[BlackElo "1881"]
[PlyCount "59"]
[EventDate "2018.09.23"]
[EventType "team-tourn"]
[EventRounds "11"]
[EventCountry "HUN"]
[SourceTitle "EXT 2021"]
[Source "ChessBase"]
[SourceDate "2020.10.23"]
[SourceVersion "1"]
[SourceVersionDate "2020.10.23"]
[SourceQuality "1"]
[WhiteTeam "Nyiregyhaza"]
[BlackTeam "Mezokovesd"]
[WhiteTeamCountry "HUN"]
[BlackTeamCountry "HUN"]

1. e4 c5 2. Nf3 e6 3. d4 cxd4 4. c3 dxc3 5. Nxc3 Bc5 6. Bc4 Nf6 7. e5 Ng4 8. 0-0 Nc6 9. Qe2 d5 10. exd6 Qxd6 11. Ne4 Qe7 12. Bg5 f6 13. Bf4 e5 14. Bg3 Nd4 15. Bb5+ Kf8 16. Qc4 Bb6 17. Nxd4 Bxd4 18. h3 Be6 19. Qe2 Nh6 20. Rad1 Nf5 21. Bh2 Bxa2 22. g4 Nd6 23. Rxd4 Nxb5 24. Qxb5 Be6 25. Rd2 h5 26. f4 exf4 27. Bxf4 Kg8 28. Bd6 Qd7 29. Qe2 hxg4 30. Nc5 1-0

[Event "HUN-chT2 Barcza 1718"]
[Site "Hungary"]
[Date "2018.02.18"]
[Round "8.2"]
[White "Hibjan, Tamas"]
[Black "Barabas, Tibor"]
[Result "1-0"]
[WhiteElo "2107"]
[BlackElo "1981"]
[PlyCount "163"]
[EventDate "2017.09.24"]
[EventType "team-tourn"]
[EventRounds "11"]
[EventCountry "HUN"]
[SourceTitle "EXT 2021"]
[Source "ChessBase"]
[SourceDate "2020.10.23"]
[SourceVersion "1"]
[SourceVersionDate "2020.10.23"]
[SourceQuality "1"]
[WhiteTeam "Nyiregyhaza SISE"]
[BlackTeam "Mezokovesd"]
[WhiteTeamCountry "HUN"]
[BlackTeamCountry "HUN"]

1. e4 c5 2. Nf3 e6 3. d4 cxd4 4. Nxd4 a6 5. c4 d5 6. exd5 exd5 7. Nc3 Nf6 8. Bg5 dxc4 9. Bxc4 Be7 10. 0-0 0-0 11. h3 h6 12. Be3 Nbd7 13. a3 Ne5 14. Ba2 b5 15. Qe2 b4 16. axb4 Bxb4 17. Rfd1 Qe8 18. Re1 Nc6 19. Qc4 Bxc3 20. Qxc3 Ne7 21. Qc5 Ne4 22. Qc2 Bb7 23. Bf4 Qc8 24. Qb1 Nf5 25. Rxe4 Bxe4 26. Qxe4 Nxd4 27. Qxd4 Qf5 28. Rd1 Qa5 29. Qd5 Qb6 30. Qb3 Qf6 31. Qg3 Rfe8 32. Be3 Rad8 33. Rxd8 Rxd8 34. Qc7 Rd1+ 35. Kh2 Qd6+ 36. Qxd6 Rxd6 37. Bc4 a5 38. b3 Rd1 39. Bb6 Ra1 40. Bb5 Rd1 41. Kg3 Rd6 42. Bc7 Rd5 43. Bc4 Rg5+ 44. Kf3 a4 45. Bf4 Rc5 46. Be3 Rc7 47. Ke2 axb3 48. Bxb3 Rb7 49. Bc4 Rd7 50. g4 Re7 51. Kd3 h5 52. f3 hxg4 53. fxg4 Kh7 54. Ke2 Kg8 55. Kf3 Rc7 56. Bd5 Rc3 57. h4 g6 58. Kf4 Ra3 59. Be4 Rb3 60. Bd4 Rb4 61. Ke5 Ra4 62. g5 Ra2 63. Bd5 Rd2 64. h5 Kg7 65. Ke4+ Kf8 66. h6 Rh2 67. Ke5 Rh4 68. Bc5+ Kg8 69. Be7 Ra4 70. h7+ Kxh7 71. Bxf7 Ra7 72. Kf6 Ra6+ 73. Be6 Ra1 74. Kf7 Rf1+ 75. Bf6 Rc1 76. Bd5 Rc8 77. Be7 Rb8 78. Be4 Rb6 79. Bf6 Rb7+ 80. Be7 Rb6 81. Bd5 Ra6 82. Kf8 1-0

[Event "HUN-chT2 Barcza 1617"]
[Site "Hungary"]
[Date "2017.01.29"]
[Round "7.1"]
[White "Barabas, Tibor"]
[Black "Tiba, Vladyslav"]
[Result "0-1"]
[WhiteElo "2041"]
[BlackElo "2262"]
[PlyCount "104"]
[EventDate "2016.09.25"]
[EventType "team-tourn"]
[EventRounds "11"]
[EventCountry "HUN"]
[SourceTitle "EXT 2021"]
[Source "ChessBase"]
[SourceDate "2020.10.23"]
[SourceVersion "1"]
[SourceVersionDate "2020.10.23"]
[SourceQuality "1"]
[WhiteTeam "Mezokovesd"]
[BlackTeam "Nyiregyhaza SISE"]
[WhiteTeamCountry "HUN"]
[BlackTeamCountry "HUN"]

1. e4 c5 2. Nf3 e6 3. d4 cxd4 4. Nxd4 a6 5. c4 Nf6 6. Nc3 Bb4 7. Bd3 Qc7 8. 0-0 0-0 9. Bg5 Be7 10. Re1 d6 11. Rc1 Nbd7 12. Bf1 b6 13. b4 Bb7 14. f4 h6 15. Bh4 Rfe8 16. a3 Nxe4 17. Bxe7 Nxc3 18. Bxd6 Qxd6 19. Rxc3 Rad8 20. Rd3 Qc7 21. Qc1 Nf6 22. Red1 Rc8 23. Rc3 Nd5 24. Rf3 e5 25. fxe5 Qxe5 26. Rdd3 Nf6 27. Rfe3 Be4 28. Rd1 Ng4 29. Rg3 h5 30. Be2 Rcd8 31. Qc3 Nxh2 32. Nf5 Rxd1+ 33. Bxd1 Ng4 34. Bxg4 hxg4 35. Qxe5 Rxe5 36. Nd6 f5 37. Re3 Re6 38. Nxe4 fxe4 39. Kf2 Kf7 40. Kg3 Kf6 41. Kf4 g5+ 42. Kxg4 Ke5 43. Kxg5 Kd4 44. Re1 e3 45. Kf5 Re8 46. g4 Kxc4 47. g5 e2 48. g6 Kd3 49. g7 Kd2 50. Ra1 e1Q 51. Rxe1 Kxe1 52. Kf6 Kd2 0-1

[Event "HUN-chT2 Barcza 1516"]
[Site "Hungary"]
[Date "2016.04.03"]
[Round "10.2"]
[White "Tiba, Vladyslav"]
[Black "Barabas, Tibor"]
[Result "1-0"]
[WhiteElo "2244"]
[BlackElo "2056"]
[PlyCount "71"]
[EventDate "2015.09.13"]
[EventType "team-tourn"]
[EventRounds "11"]
[EventCountry "HUN"]
[SourceTitle "EXT 2017"]
[Source "ChessBase"]
[SourceDate "2016.10.25"]
[SourceVersion "1"]
[SourceVersionDate "2016.10.25"]
[SourceQuality "1"]
[WhiteTeam "Nyiregyhaza"]
[BlackTeam "Mezokovesd"]
[WhiteTeamCountry "HUN"]
[BlackTeamCountry "HUN"]

1. e4 c5 2. Nf3 e6 3. d3 g6 4. g3 Bg7 5. Bg2 Ne7 6. 0-0 0-0 7. c3 Nbc6 8. Re1 d5 9. Nbd2 d4 10. c4 e5 11. a3 Bd7 12. Rb1 a5 13. Nb3 b6 14. Bd2 Qc8 15. Nc1 Bh3 16. Bxh3 Qxh3 17. b4 axb4 18. axb4 cxb4 19. Bxb4 Nxb4 20. Rxb4 Nc8 21. Rb5 f6 22. Qb3 Kh8 23. Na2 Qe6 24. Nb4 Na7 25. Rd5 b5 26. c5 f5 27. Qb2 f4 28. Kg2 fxg3 29. hxg3 Bf6 30. Qd2 Rad8 31. Ra1 Qe7 32. Rxd8 Rxd8 33. Nd5 Rxd5 34. exd5 Qxc5 35. Ra6 Kg7 36. Rxf6 1-0

[Event "HUN-chT 1516 BAZ II Gavel"]
[Site "Hungary"]
[Date "2016.02.06"]
[Round "5"]
[White "Ligart, Tamas"]
[Black "Barabas, Tibor"]
[Result "1/2-1/2"]
[WhiteElo "2184"]
[BlackElo "2055"]
[PlyCount "180"]
[EventDate "2015.09.27"]
[EventType "team-tourn"]
[EventRounds "7"]
[EventCountry "HUN"]
[SourceTitle "EXT 2025"]
[Source "ChessBase"]
[SourceDate "2024.10.14"]
[SourceVersion "1"]
[SourceVersionDate "2024.10.14"]
[SourceQuality "1"]
[WhiteTeam "Encs VSC"]
[BlackTeam "Tiszaujvaros"]
[WhiteTeamCountry "HUN"]
[BlackTeamCountry "HUN"]

1. e4 c5 2. b3 d6 3. Bb2 Nf6 4. Bb5+ Bd7 5. Bxd7+ Nbxd7 6. Qe2 g6 7. f4 Bg7 8. Nc3 0-0 9. Nf3 a6 10. a4 Nb8 11. e5 dxe5 12. fxe5 Nd5 13. Nxd5 Qxd5 14. c4 Qd7 15. d4 cxd4 16. Nxd4 Nc6 17. Nxc6 Qxc6 18. Rd1 Rad8 19. 0-0 Qb6+ 20. Qf2 Qe6 21. Qc5 Rc8 22. Qe3 Rfd8 23. Kh1 f6 24. Rde1 f5 25. Rd1 Qc6 26. Ba3 Qe6 27. Bb2 Qc6 28. a5 Qc7 29. Bc3 Rxd1 30. Rxd1 Rd8 31. Rd5 e6 32. Rxd8+ Qxd8 33. Qd4 Qxd4 34. Bxd4 Kf7 35. b4 Ke8 36. Kg1 g5 37. h3 h5 38. Kf2 f4 39. Kf3 Bh6 40. Bc5 Kd7 41. Bd4 Kc6 42. Bc5 Kd7 43. b5 Bg7 44. Ke4 Bh6 45. Kf3 Bg7 46. Bd6 Bh6 47. Bb4 Bg7 48. h4 gxh4 49. Kxf4 Bh6+ 50. Ke4 Bg5 51. Bc3 Bh6 52. Kd4 Bf8 53. Bd2 Be7 54. Ke4 Bf8 55. Kd4 Be7 56. Be1 Bf8 57. Ke4 Bh6 58. Bb4 Bg5 59. Kd4 Bh6 60. Ke4 Bg5 61. Be1 Bh6 62. Kd3 Bf4 63. Bxh4 Bxe5 64. Be1 Bc7 65. Ke4 Bd6 66. Bc3 Bg3 67. Bd4 Bc7 68. Bc3 Bg3 69. Kf3 Bc7 70. g3 Bd6 71. Kg2 Be7 72. Kh3 Bg5 73. Be1 Kd6 74. Bb4+ Kd7 75. Bc5 Bd8 76. Bb4 Bg5 77. Be1 Bd8 78. Kg2 Kd6 79. Bb4+ Kd7 80. Kf3 Bg5 81. Ke4 Bh6 82. Bc5 Bg5 83. Bd4 Bd8 84. Bc3 Be7 85. Bd4 Bd8 86. Bc3 Be7 87. Be1 Bf6 88. Bf2 Bd8 89. Be1 Bf6 90. Bf2 Bd8 1/2-1/2

[Event "HUN-chT 1516 BAZ II Gavel"]
[Site "Hungary"]
[Date "2015.12.20"]
[Round "3"]
[White "Barabas, Tibor"]
[Black "Vodila, Martin Botond"]
[Result "1/2-1/2"]
[WhiteElo "2065"]
[BlackElo "1956"]
[PlyCount "39"]
[EventDate "2015.09.27"]
[EventType "team-tourn"]
[EventRounds "7"]
[EventCountry "HUN"]
[SourceTitle "EXT 2025"]
[Source "ChessBase"]
[SourceDate "2024.10.14"]
[SourceVersion "1"]
[SourceVersionDate "2024.10.14"]
[SourceQuality "1"]
[WhiteTeam "Tiszaujvaros"]
[BlackTeam "Edelenyi VSE III"]
[WhiteTeamCountry "HUN"]
[BlackTeamCountry "HUN"]

1. e4 d5 2. exd5 Qxd5 3. Nc3 Qa5 4. Bc4 Nf6 5. Nf3 Bf5 6. 0-0 e6 7. Re1 c6 8. d4 Bb4 9. Re5 Qc7 10. Rxf5 exf5 11. Ne5 0-0 12. Qf3 Nbd7 13. Qxf5 Bxc3 14. bxc3 Nxe5 15. dxe5 Nd5 16. Ba3 Rfe8 17. Bd6 Qa5 18. Bb4 Qc7 19. Bd6 Qa5 20. Bb4 1/2-1/2

[Event "HUN-chT 1516 BAZ II Gavel"]
[Site "Hungary"]
[Date "2015.09.27"]
[Round "1"]
[White "Barabas, Tibor"]
[Black "Burinda, Gabor Jr"]
[Result "0-1"]
[WhiteElo "2094"]
[BlackElo "1927"]
[PlyCount "98"]
[EventDate "2015.09.27"]
[EventType "team-tourn"]
[EventRounds "7"]
[EventCountry "HUN"]
[SourceTitle "EXT 2025"]
[Source "ChessBase"]
[SourceDate "2024.10.14"]
[SourceVersion "1"]
[SourceVersionDate "2024.10.14"]
[SourceQuality "1"]
[WhiteTeam "Tiszaujvaros"]
[BlackTeam "Szendro Varosi"]
[WhiteTeamCountry "HUN"]
[BlackTeamCountry "HUN"]

1. e4 c6 2. d4 d5 3. e5 Bf5 4. Ne2 e6 5. Ng3 Bg6 6. h4 h6 7. h5 Bh7 8. Bd3 Bxd3 9. Qxd3 c5 10. c3 Nc6 11. f4 cxd4 12. cxd4 Qb6 13. Ne2 Nb4 14. Qb3 Rc8 15. Na3 Ne7 16. Be3 Nf5 17. Kf2 Qa6 18. Rhd1 Be7 19. g4 Nxe3 20. Kxe3 0-0 21. Rac1 Rc6 22. Rxc6 bxc6 23. Nc1 c5 24. dxc5 Bxc5+ 25. Kf3 Nc6 26. Qb5 Qxb5 27. Nxb5 Rb8 28. a4 a6 29. Nd3 axb5 30. Nxc5 bxa4 31. Nxa4 Rb3+ 32. Ke2 Rb4 33. Rc1 Nd4+ 34. Kd3 Rxa4 35. Rc8+ Kh7 36. Rc7 Nb3 37. Rxf7 Nc5+ 38. Ke3 d4+ 39. Kd2 Rb4 40. Rc7 Rxb2+ 41. Kd1 Ne4 42. Rc4 Nf2+ 43. Kc1 Nd3+ 44. Kd1 Rb4 45. Rc6 Nxf4 46. Rd6 d3 47. Kd2 Re4 48. Rd8 Rxe5 49. Rd4 Re2+ 0-1

[Event "HUN-chT2 Barcza 1516"]
[Site "Hungary"]
[Date "2015.09.13"]
[Round "1.2"]
[White "Borsavolgyi, Tamas"]
[Black "Barabas, Tibor"]
[Result "1-0"]
[WhiteElo "2257"]
[BlackElo "2094"]
[PlyCount "69"]
[EventDate "2015.09.13"]
[EventType "team-tourn"]
[EventRounds "11"]
[EventCountry "HUN"]
[SourceTitle "CBM 170 Extra"]
[Source "ChessBase"]
[SourceDate "2016.02.25"]
[SourceVersion "1"]
[SourceVersionDate "2016.02.25"]
[SourceQuality "1"]
[WhiteTeam "Hajduszoboszlo"]
[BlackTeam "Mezokovesd"]
[WhiteTeamCountry "HUN"]
[BlackTeamCountry "HUN"]

1. e4 c5 2. Nf3 e6 3. Nc3 a6 4. Be2 b5 5. d4 cxd4 6. Nxd4 Bb7 7. Bf3 Qc7 8. Bg5 h6 9. Bh4 Bb4 10. 0-0 Bxc3 11. bxc3 Qxc3 12. a4 Nc6 13. Ne2 Qe5 14. Bg3 Qf6 15. e5 Qd8 16. axb5 axb5 17. Nc3 Rxa1 18. Qxa1 Qb6 19. Ne4 Nge7 20. Nd6+ Kf8 21. Rb1 b4 22. c3 Nf5 23. Nxb7 Qxb7 24. Rxb4 Qc8 25. Bxc6 g5 26. Be4 h5 27. Bxf5 exf5 28. f4 h4 29. Bf2 g4 30. Bd4 h3 31. Qb2 Ke7 32. Rb6 Rd8 33. Qb4+ d6 34. exd6+ Ke8 35. Qc5 1-0

[Event "HUN-chT2 Barcza 1415"]
[Site "Hungary"]
[Date "2014.11.30"]
[Round "5.2"]
[White "Cselenyi, Balazs"]
[Black "Barabas, Tibor"]
[Result "1-0"]
[WhiteElo "2203"]
[BlackElo "2079"]
[PlyCount "69"]
[EventDate "2014.09.07"]
[EventType "team-tourn"]
[EventRounds "11"]
[EventCountry "HUN"]
[SourceTitle "EXT 2016"]
[Source "ChessBase"]
[SourceDate "2015.10.08"]
[SourceVersion "1"]
[SourceVersionDate "2015.10.08"]
[SourceQuality "1"]
[WhiteTeam "Debrecen Sakkbaratok"]
[BlackTeam "Mezokovesd"]
[WhiteTeamCountry "HUN"]
[BlackTeamCountry "HUN"]

1. d4 Nf6 2. c4 e6 3. Nf3 Bb4+ 4. Bd2 Bxd2+ 5. Qxd2 d5 6. Nc3 Ne4 7. Qc2 Nxc3 8. Qxc3 0-0 9. e3 Nd7 10. Bd3 b6 11. cxd5 exd5 12. Qc6 Rb8 13. Rc1 Bb7 14. Qxc7 Qe7 15. Qc3 Rbc8 16. Qd2 Nf6 17. 0-0 Ne4 18. Qe2 g5 19. h3 Kg7 20. Nd2 f5 21. a3 Qf7 22. Nf3 Qe7 23. Ne5 f4 24. Qg4 Rh8 25. exf4 h5 26. Qf5 Rcg8 27. Bxe4 dxe4 28. fxg5 h4 29. Ng6 Qd6 30. Nxh8 Kxh8 31. Rfd1 e3 32. fxe3 Qg3 33. Qe5+ Qxe5 34. dxe5 Rxg5 35. Rd8+ 1-0

[Event "HUN-chT2 Erkel 1314"]
[Site "Hungary"]
[Date "2014.04.27"]
[Round "11"]
[White "Gombocz, Zsolt"]
[Black "Barabas, Tibor"]
[Result "1-0"]
[WhiteElo "2062"]
[BlackElo "2116"]
[PlyCount "117"]
[EventDate "2013.09.08"]
[EventType "team-tourn"]
[EventRounds "11"]
[EventCountry "HUN"]
[SourceTitle "EXT 2016"]
[Source "ChessBase"]
[SourceDate "2015.10.08"]
[SourceVersion "1"]
[SourceVersionDate "2015.10.08"]
[SourceQuality "1"]
[WhiteTeam "Budapest MAFC"]
[BlackTeam "Mezokovesd"]
[WhiteTeamCountry "HUN"]
[BlackTeamCountry "HUN"]

1. d4 Nf6 2. c4 e6 3. Nf3 b6 4. Bg5 Bb4+ 5. Nbd2 Bb7 6. a3 Bxd2+ 7. Qxd2 h6 8. Bh4 d5 9. e3 dxc4 10. Bxc4 Bxf3 11. gxf3 g5 12. Bg3 Nbd7 13. Bb5 Nh5 14. Rc1 Nxg3 15. hxg3 Ke7 16. Bc6 Rb8 17. Qb4+ Kf6 18. Qb5 Ke7 19. Qb4+ Kf6 20. Qa4 Nf8 21. Qxa7 Ng6 22. Be4 Rc8 23. Bxg6 Kxg6 24. Qb7 Re8 25. Qe4+ Kg7 26. Rc6 Qd7 27. Ke2 f6 28. Rhc1 e5 29. dxe5 Rxe5 30. Qd3 Rd5 31. Qc3 Qf7 32. Rxc7 Rxc7 33. Qxc7 Rd7 34. Qc4 Qe7 35. g4 Qd6 36. Qd4 Qe6 37. Qa4 f5 38. Rc6 Qd5 39. Qd4+ Qxd4 40. exd4 Rxd4 41. gxf5 Rf4 42. Rg6+ Kh7 43. Rxb6 Rxf5 44. b4 h5 45. a4 h4 46. Kf1 Rxf3 47. Kg2 g4 48. a5 Ra3 49. Rf6 h3+ 50. Kh2 Ra2 51. Rf4 Kh6 52. Rxg4 Rxf2+ 53. Kxh3 Kh5 54. Rc4 Ra2 55. Kg3 Kg5 56. Kf3 Kf5 57. Ke3 Ke5 58. Rc5+ Kd6 59. Kd4 1-0